000 01132cam a2200241 4500
001 ABS65894
008 020903n2002 000 0 eng u
035 _a(Sirsi) u119544
100 _aCrosby, N.
245 _aSeek carefully and ye shall find
260 _c2002
490 _aEstates Gazette
_v(0234) 24 August 2002, 76-77(2)
520 _aExamines the Carsberg report on property valuations and how this should affect valuations. Warns against any rush into adopting supposedly better statistical methods as many of the criticisms of the valuation process are often superficial. For example, studies have often shown that prices have been higher than valuations both before and after adjustment for price changes occuring between the valuation and sale date. These uncertainty figures are often unreliable and over rely on past evidence.
590 _aABS
650 _aVALUATION ACCURACY
650 _aSTATISTICAL METHODS
650 _aCARSBERG REPORT
650 _aRICS
650 _aINVESTMENT PROPERTY DATABANK
690 _aPROPERTY-PROPERTY APPRAISAL AND VALUATION
700 _aMatysiak, G.
942 _n0
999 _c71072
_d71072